• 首页
  • 本馆介绍
  • 公告通知
  • 最新文献
  • 馆藏检索
  • 电子资源
  • 读者导购
  • 参考咨询
  • 我的图书馆
  • 登录
  • 详细信息显示
  • 放入我的书架
  • 预约/预借图书
  • 作者相关作品
  • 分类相关作品
  • 丛书相关作品
  • 出版社相关作品

书目信息

  • 表格格式
  • 工作单格式
  • 卡片格式
题名:
生物数学入门
    
 
作者: 梅钦 , Machin 著 ;马斌荣 译
分册:  
出版信息: 北京   人民卫生出版社  1979
页数: 190页
开本: 19cm
丛书名:
单 册:
中图分类: Q-332 , Q61
科图分类:
主题词: 生物数学--基本知识 , 理论生物物理学
电子资源:
ISBN:
000 00726nam0 2200277 45
001 0179003045
005 20040525092042.5
010    @dCNY0.53
091    @a14048.3691
100    @a19950727d1979 em y0chiy0121 ea
101 1  @achi@ceng
102    @aCN@b110000
105    @ay z 000yy
106    @ar
200 10 @a生物数学入门@Asheng wu shu xue ru men@f(英)梅钦(D.Machin)著@g马斌荣译
210    @a北京@c人民卫生出版社@d1979
215    @a190页@d19cm
606    @a生物数学@x基本知识
606 0  @a理论生物物理学
690    @aQ-332@v3
690    @aQ61
701  1 @a梅钦@Amei qin@bD.@4著
701 A1 @aMachin@bD.@4著
702  0 @a马斌荣@Ama bin rong@4译
801  0 @aCN@bNLC@c20040525
905    @f1@b18916@dQ61@e1
    
    生物数学入门/(英)梅钦(D.Machin)著/马斌荣译.-北京:人民卫生出版社,1979
    190页;19cm
    
    
    ISBN :CNY0.53
    
●
相关链接 在E读中查询图书 在五车中查询图书 在当当中查询图书 在豆瓣中查询图书


正题名:生物数学入门     索取号:Q61/1         预约/预借

序号 登录号 条形码 馆藏地/架位号 状态 备注
1 0018916   000702733   第二样本阅览室/ [索取号:Q61/1] 在馆    
唐山师范学院图书馆 欢迎您!
大连网信软件有限公司© 版权所有